Vzdělávací politika a rozvoj školství v České republice po roce 1989

Pokračovanie z č. 3/2005. Prijatie uceleného a komplexného kódexu právnych noriem v ČR, ktoré majú ovplyvňovať vzdelávacie a správne činnosti v tzv. regionálnom školstve. Charakteristika nového školského zákona. Zákon o pedagogických pracovníkoch je novým predmetom samostatnej právnej normy vo vývoj...

ver descrição completa

Na minha lista:
Detalhes bibliográficos
Autor principal: Kotásek, Jiří
Formato: Capítulo de Livro
Idioma:tcheco
Assuntos:
Tags: Adicionar Tag
Sem tags, seja o primeiro a adicionar uma tag!

MARC

LEADER 00000naa$a2200000$$$4500
001 0036043
005 20231010123457.1
041 0 |a cze 
044 |a SK 
245 1 0 |a Vzdělávací politika a rozvoj školství v České republice po roce 1989  |c Jiří Kotásek 
520 |a Pokračovanie z č. 3/2005. Prijatie uceleného a komplexného kódexu právnych noriem v ČR, ktoré majú ovplyvňovať vzdelávacie a správne činnosti v tzv. regionálnom školstve. Charakteristika nového školského zákona. Zákon o pedagogických pracovníkoch je novým predmetom samostatnej právnej normy vo vývoji českého školstva. 
610 2 0 |a politika školská 
610 2 0 |a normy právne 
610 2 0 |a školstvo 
610 2 0 |a vzdelávanie 
610 2 0 |a legislatíva 
610 2 0 |a Česko 
610 2 0 |a 1989-2005 
100 1 |a Kotásek, Jiří